Mother's agenda : (Record no. 136387)

MARC details
000 -LEADER
fixed length control field 00620nam a2200181 4500
010 ## - LIBRARY OF CONGRESS CONTROL NUMBER
LC control number A-909455
020 ## - INTERNATIONAL STANDARD BOOK NUMBER
Terms of availability 00.00
035 ## - SYSTEM CONTROL NUMBER
System control number A-909455
037 ## - SOURCE OF ACQUISITION
Stock number Cen Lib/Ret
040 ## - CATALOGING SOURCE
Original cataloging agency DPL
Language of cataloging EN
082 ## - DEWEY DECIMAL CLASSIFICATION NUMBER
Classification number 181.499
Item number MOT
245 ## - TITLE STATEMENT
Title Mother's agenda :
Remainder of title translated form the french /
260 ## - PUBLICATION, DISTRIBUTION, ETC. (IMPRINT)
Place of publication, distribution, etc Parise
Name of publisher, distributor, etc Institute de recherches evolutives
Date of publication, distribution, etc 1978
270 ## - ADDRESS
City Parise
300 ## - PHYSICAL DESCRIPTION
Extent 5 v. ; (v 1. 539 ; v 2. 460 ; v 3. 532 ; v .5 344 ; v 7. 340 )
Other physical details 22cm
Dimensions ill
500 ## - GENERAL NOTE
General note 7 v. ; v 1. 1951-1960 ; v 2. 1961 ; v 3. 1964 ; v 4 (not available) ; v 5. 1964 ; v 7. 1966
942 ## - ADDED ENTRY ELEMENTS (KOHA)
Source of classification or shelving scheme Dewey Decimal Classification
Koha item type English Books
Classification part 181.499
Call number suffix MOT
Holdings
Withdrawn status Lost status Source of classification or shelving scheme Materials specified (bound volume or other part) Damaged status Not for loan Collection code Home library Current library Date acquired Source of acquisition Cost, normal purchase price Total Checkouts Full call number Barcode Date last seen Copy number Cost, replacement price Price effective from Koha item type
    Dewey Decimal Classification v.1   Not For Loan Reference Central Library Central Library 29/02/2016 Cen Lib/Ret 0.00   181.499 MOT A-709455 29/02/2016 1 0.00 29/02/2016 English Books
    Dewey Decimal Classification v.2   Not For Loan Reference Central Library Central Library 29/02/2016 Cen Lib/Ret 0.00   181.499 MOT A-709456 29/02/2016 2 0.00 29/02/2016 English Books
    Dewey Decimal Classification v.3   Not For Loan Reference Central Library Central Library 29/02/2016 Cen Lib/Ret 0.00   181.499 MOT A-709457 29/02/2016 3 0.00 29/02/2016 English Books
    Dewey Decimal Classification v.5   Not For Loan Reference Central Library Central Library 29/02/2016 Cen Lib/Ret 0.00   181.499 MOT A-709459 29/02/2016 5 0.00 29/02/2016 English Books
    Dewey Decimal Classification v 7   Not For Loan Reference Central Library Central Library 08/03/2016 Cen Lib/Ret     181.499 MOT A-709461 08/03/2016 1   08/03/2016 English Books

© Delhi Public Library
Hit Counter
free hit counter